Εισαγωγή στον υπολογισμό και τον προγραμματισμό με την Python: με εφαρμογές στην υπολογιστική μοντελοποίηση και την κατανόηση δεδομένων

Αποθηκεύτηκε σε:
Λεπτομέρειες βιβλιογραφικής εγγραφής
Κύριος συγγραφέας: Guttag, John
Άλλοι συγγραφείς: Χορταράς, Αλέξανδρος (Μεταφραστής)
Μορφή: Βιβλίο
Γλώσσα:Greek
Δημοσίευση: Αθήνα: Παπασωτηρίου, 2022.
Έκδοση:3η έκδ.
Θέματα:
Ετικέτες: Προσθήκη ετικέτας
Δεν υπάρχουν, Καταχωρήστε ετικέτα πρώτοι!

MARC

LEADER 00000nam a2200000 a 4500
001 1/125891
008 230117s2022####gr | ||| |||| ||gre||
020 |a 9789604911592 
040 |a GR-MyUa  |b gre  |c GR-MyUa  |e AACR2 
041 1 |a gre 
082 7 |a 005.133  |2 (23) 
100 1 |a Guttag, John. 
245 1 0 |a Εισαγωγή στον υπολογισμό και τον προγραμματισμό με την Python:   |b με εφαρμογές στην υπολογιστική μοντελοποίηση και την κατανόηση δεδομένων /   |c John V. Guttag ; μετάφραση και επιστημονική επιμέλεια Αλέξανδρος Χορταράς.  
250 |a 3η έκδ.  
260 |a Αθήνα:   |b Παπασωτηρίου,   |c 2022.  
300 |a 599 σ. ;   |c 24 εκ.  
500 |a Τίτλος πρωτοτύπου: Introduction to computation and programming using Python with application to computational modeling and understanding data, third edition.  
504 |a Περιέχει ευρετήριο.  
650 0 |a Python (Computer program language) 
650 0 |a Computer programming  |x Textbooks. 
700 1 |a Χορταράς, Αλέξανδρος,  |e trl 
852 |a INST  |b LESVOS  |c EUDOXUS  |e 20230117  |h 005.133 GUT  |p 005100064872  |q 005100064872  |t EDX  |y 0 
920 |a Εύδοξος  |b Παραγγελία  |y Λέσβος-ΤΩΘΒ  |z 2023-01 
970 |a Δημάκη  |b Μαρία  |z 17-01-2023